Statistiques concernant Cas prat' de Sophie

Cliquez ici pour prendre le quiz!

Statistiques générales

  • Ce quiz a été pris 11 fois
  • Le résultat moyen est 2 sur 5

Statistiques - réponses

QuestionRéponse% Correct
Qui est responsable ?Mélanie (la pute)
86%
Mélanie apprend que Mourad a une nouvelle moto, qu'elle souhaite utiliser. Mouras accepte à condition qu'elle n'aille pas plus loin que le bout de la rue. Mourad est-il un bon pote ?ça passe
43%
Le pneu de la moto de cette chèvre de Mélanie explose, ce qui cause la chute de Damien. Que se passe-t-il après ?Il s'écrase sur la portière de Sophie, qui sortait de sa voiture pour aller chercher son cochon dinde à la crèche, ce qui coupe la main de sophie (beurk) (mauvais goût)
43%
Mélanie, sur sa moto, sent une odeur de cramé. Que doit-elle faire ?arrêter la moto au milieu de la rue et aller faire du lèche-vitrine chez le magasin DPD qu'elle a repéré
0%
Damien, cycliste expérimenté et passionné (il roule sur pinarello dogma F12), arrive en sens inverse et est surpris par la moto. Que doit-il faire ?faire un écart et aller s'écraser sur la voiture de Sophie garée sur le bas-côté
0%

Distribution des résultats

Percentile par nombre de réponses

% des personnes avec chaque résultat

Votre développement - résultats

Vous n’avez pas pris ce quiz